000
00318nam a22001337a 4500
020
_q
HB.
040
_c
FIZZA ISHAQ
082
_a
692
_b
WCB
100
_a
HENRY F., LINDA.
_9
85151
245
_a
CONSTRUCTION PURCHASING SUPPLY /
260
_a
NEW YORK :
_b
MC GRAW HILL.
_c
2010.
300
_a
240 P. ;
942
_2
ddc
_c
BK
999
_c
586880
_d
586880